Acteurs Français - Statistiques

Statistiques générales
  • Ce quiz a été pris 73 fois
  • Le résultat moyen est 7 sur 16
Statistiques - réponses
Par images Réponse % Correct
Camille Cottin
76%
Charlotte Gainsbourg
67%
Géraldine Nakache
65%
Laurent Lafitte
59%
Lambert Wilson
58%
Jean-Pierre Bacri
55%
Raphaël Quenard
53%
Pio Marmaï
44%
Bérénice Bejo
41%
Ana Girardot
35%
Guillaume de Tonquédec
33%
Lucien Jean-Baptiste
29%
Louis Garrel
27%
Reda Kateb
17%
Noémie Merlant
11%
Julie Delpy
9%
Aucun quiz correspondant
Distribution des résultats
% des personnes avec chaque résultat
Percentile par nombre de réponses
Votre historique - résultats
Vous n’avez pas pris ce quiz